| 000 | 01358cam a2200325 a 4500 | ||
|---|---|---|---|
| 001 | 12109764 | ||
| 003 | ARRUPE | ||
| 005 | 20220511082733.0 | ||
| 008 | 000717s2000 enk b 001 0 eng | ||
| 010 | _a 00697964 | ||
| 020 | _a0198238967 (alk. paper) | ||
| 020 | _a0198238975 (pbk. : alk. paper) | ||
| 040 |
_aDLC _cDLC _dDLC |
||
| 050 | 0 | 0 |
_aB2799.M52 _bA44 2000 |
| 082 | 0 | 0 |
_a128/.2/092 _222 |
| 100 | 1 |
_aAmeriks, Karl, _d1947- _91665 |
|
| 245 | 1 | 0 |
_aKant's theory of mind : _ban analysis of the paralogisms of pure reason / _cKarl Ameriks. |
| 250 | _aNew ed. | ||
| 260 |
_aOxford : _bClarendon Press ; _aNew York : _bOxford University Press, _c2000. |
||
| 300 |
_axli, 348 p. ; _c23 cm. |
||
| 504 | _aIncludes bibliographical references (p. [323]-342) and index. | ||
| 600 | 1 | 0 |
_aKant, Immanuel, _d1724-1804. |
| 650 | 0 |
_aPhilosophy of mind _xHistory _y19th century. _951523 |
|
| 856 | 4 | 2 |
_3Publisher description _uhttp://www.loc.gov/catdir/enhancements/fy0611/00697964-d.html |
| 856 | 4 | 1 |
_3Table of contents only _uhttp://www.loc.gov/catdir/enhancements/fy0611/00697964-t.html |
| 856 | 4 | 2 |
_3Contributor biographical information _uhttp://www.loc.gov/catdir/enhancements/fy0724/00697964-b.html |
| 906 |
_a7 _bcbc _corignew _d2 _encip _f20 _gy-gencatlg |
||
| 942 |
_2lcc _cMONOGRAPH |
||
| 999 |
_c131398 _d131398 |
||